LEADER 02292nam2 2200337 i 450 001 SUN0039552 005 20180625115857.644 010 $a88-206-2311-0$d0.00 100 $a20070529d1982 |0itac50 ba 101 $aita 102 $aIT 105 $a|||| ||||| 200 1 $a<<*Flora d'Italia>> 2$fSandro Pignatti$gcomitato di redazione Anzalone B. (Roma) ... [et al.] 210 $aBologna$cEdagricole 215 $a732 p.$cill.$d30 cm. 461 1$1001SUN0019352$12001 $a*Flora d'Italia$fSandro Pignatti$gcomitato di redazione Anzalone B. (Roma) ... [et al.]$v2$1205 $aBologna : Edagricole, 1982$1210 $a3 volumi$cill. ; 30 cm$1215 $aIn custodia. 620 $dBologna$3SUNL000003 676 $a581.945$cPiante - Italia$v22 700 1$aPignatti$b, Sandro$3SUNV011450$011139 702 1$aAnzalone$b, Bruno$3SUNV047109 712 $aEdagricole$3SUNV000304$4650 801 $aIT$bSOL$c20181210$gRICA 912 $aSUN0039552 950 $aUFFICIO DI BIBLIOTECA DEL DIPARTIMENTO DI SCIENZE E TECNOLOGIE AMBIENTALI BIOLOGICHE E FARMACEUTICHE$d17PREST Jb70/2 $e17FMF2629 20141020 950 $aUFFICIO DI BIBLIOTECA DEL DIPARTIMENTO DI SCIENZE E TECNOLOGIE AMBIENTALI BIOLOGICHE E FARMACEUTICHE$d17CONS Jb113/2 $e17DSA209 20120504 $sBuono 950 $aUFFICIO DI BIBLIOTECA DEL DIPARTIMENTO DI SCIENZE E TECNOLOGIE AMBIENTALI BIOLOGICHE E FARMACEUTICHE$d17PREST Jb1/2 $e17FSA519 20110308 $sBuono 950 $aUFFICIO DI BIBLIOTECA DEL DIPARTIMENTO DI SCIENZE E TECNOLOGIE AMBIENTALI BIOLOGICHE E FARMACEUTICHE$d17PREST Jb50/2 $e17DSV267 20070529 950 $aUFFICIO DI BIBLIOTECA DEL DIPARTIMENTO DI SCIENZE E TECNOLOGIE AMBIENTALI BIOLOGICHE E FARMACEUTICHE$d17PREST Jb49/2 $e17DSV202 20070529 950 $aUFFICIO DI BIBLIOTECA DEL DIPARTIMENTO DI SCIENZE E TECNOLOGIE AMBIENTALI BIOLOGICHE E FARMACEUTICHE$d17PREST Jb54/2 $e17FSA1378 20110107 $sBuono 996 $aFlora d'Italia 2$91520554 997 $aUNICAMPANIA LEADER 05179nam 2200613 450 001 9910144331603321 005 20170816124536.0 010 $a1-281-84247-8 010 $a9786611842475 010 $a3-527-61330-7 010 $a3-527-61331-5 035 $a(CKB)1000000000376212 035 $a(EBL)481930 035 $a(OCoLC)291091480 035 $a(SSID)ssj0000097226 035 $a(PQKBManifestationID)11116626 035 $a(PQKBTitleCode)TC0000097226 035 $a(PQKBWorkID)10113759 035 $a(PQKB)11153119 035 $a(MiAaPQ)EBC481930 035 $a(EXLCZ)991000000000376212 100 $a20160820h20002000 uy 0 101 0 $aeng 135 $aur|n|---||||| 181 $ctxt 182 $cc 183 $acr 200 00$aAdditives for coatings /$fedited by Johan Bieleman 210 1$aWeinheim, [Germany] :$cWiley-VCH,$d2000. 210 4$dİ2000 215 $a1 online resource (393 p.) 300 $aDescription based upon print version of record. 311 $a3-527-29785-5 320 $aIncludes bibliographical references at the end of each chapters and index. 327 $aAdditives for Coatings; Contents; 1 Introduction; 1.1 Additives in Coating Materials; 1.2 Definitions; 1.3 Classification According to Function; 1.4 Quantities Used; 1.5 Economic Significance of Coating Additives; References; 2 Basics; 2.1 Introduction; 2.2 Interactions; 2.3 Chemical Composition; 2.4 Effectiveness of Additives; 2.5 Applications; References; 3 Thickeners; 3.0 Basics; 3.0.1 Introduction; 3.0.2 Rheology and Viscosity; 3.0.3 Viscosity Measurement; 3.1 Inorganic Thickeners; 3.1.1 Introduction; 3.1.2 Organoclays; 3.1.3 Production of the Organoclays; 3.1.4 Rheology and Organoclays 327 $a3.1.5 Influence of Organoclays on Various Coating Properties3.1.5.1 Sedimentation; 3.1.5.2 Sagging; 3.1.5.3 Flow and Levelling; 3.1.6 Incorporation Procedures; 3.1.6.1 Powder Method; 3.1.6.2 Paste Method; 3.1.6.3 Easily Dispersable Organoclays; 3.1.7 Trade Products; 3.2 Organic Thickeners; 3.2.0 Introduction; 3.2.0.1 Organic Thickeners for Water-Borne Paints; 3.2.0.2 Thickeners for Solvent-Based Paints; 3.2.1 Cellulose Derivatives; 3.2.1.1 The Chemistry of Cellulose Derivatives; 3.2.1.2 The Addition of Cellulose Ethers to Paints; 3.2.1.3 Paint Properties Influenced by Cellulose Ethers 327 $a3.2.1.4 Associative Cellulose Ethers3.2.1.5 Commercial Products; 3.2.1.6 New Developments; 3.2.1.7 Toxicology and Disposal; 3.2.2 PUR Thickeners; 3.2.2.1 Introduction; 3.2.2.2 Chemical Composition and Delivery Form; 3.2.2.3 Thickening Mechanism; 3.2.2.4 Application Properties of PUR Thickeners; 3.2.2.5 Applications; 3.2.2.6 Formulation of Coating Materials with PUR Thickeners; 3.2.2.7 Coating Properties; 3.2.2.8 Commercial Products; 3.2.3 Organic Thickeners for Solvent-Borne Coatings; 3.2.3.1 Introduction; 3.2.3.2 Product Survey; 3.2.3.3 Hydrogenated Castor-Oil-Based Thickeners 327 $a3.2.3.4 Polyamides3.2.3.5 Overbased Sulphonates; 3.2.3.6 Polyolefins; 3.2.3.7 Commercial Products; References; 4 Surface-Active Agents; 4.1 Wetting and Dispersing Agents; 4.1.1 Introduction; 4.1.2 Definitions; 4.1.3 The Dispersion Process; 4.1.3.1 Pigment Wetting; 4.1.3.2 Mechanical Disruption; 4.1.3.3 Stabilization; 4.1.3.4 Stabilization in Polar Media: Practical Evaluation; 4.1.3.5 Stabilization in Nonpolar Media: Practical Evaluation; 4.1.4 Chemical Composition of Wetting and Dispersing Agents; 4.1.4.1 Polymeric Dispersing Agents; 4.1.5 Problem-Solving 327 $a4.1.6 Procedures for Determining Dispersion Efficiency4.1.6.1 Surface-Charge Measurement; 4.1.6.2 Dispersant Demand; 4.1.6.3 Monitoring the Dispersion Process; 4.1.6.4 Degree of Dispersion; 4.1.6.5 Degree of Flocculation; 4.1.6.6 Flooding: Rub-Out Test; 4.1.7 Biological and Toxicological Properties; 4.1.7.1 Surfactants; 4.1.7.2 Polymers; 4.1.8 Commercial Products; 4.2 Defoaming of Aqueous Paint Materials; 4.2.1 Introduction; 4.2.2 Foam Formation in Aqueous Paints; 4.2.3 Causes of Foam Stabilization; 4.2.3.1 Stability-Reducing Parameters; 4.2.3.2 Parameters That Promote Foam Stability 327 $a4.2.4 Composition and Effect of Defoamers and Foam Inhibiting Agents 330 $aNo doubt: A perfect coating has to look brilliant! But other properties of coatings are also most important. Coatings have to be durable, tough and easily applicable. Additives are the key to success in achieving these characteristics, even though the amounts used in coating formulations are small.It is not trivial at all to select the best additives. In practice, many series of tests are often necessary, and the results do not explain, why a certain additive improves the quality of a coating and another one impairs the coating.This book is dedicated to developers and applicant 606 $aCoatings$xAdditives 608 $aElectronic books. 615 0$aCoatings$xAdditives. 676 $a667.9 676 $a668.1 702 $aBieleman$b Johan 801 0$bMiAaPQ 801 1$bMiAaPQ 801 2$bMiAaPQ 906 $aBOOK 912 $a9910144331603321 996 $aAdditives for coatings$92075999 997 $aUNINA